The Columbia Lippincott gazetteer of the world
Na minha lista:
| Formato: | Livro |
|---|---|
| Idioma: | Undetermined |
| Publicado em: |
Columbia
Columbia Univ
1966
|
| Assuntos: | |
| Tags: |
Adicionar Tag
Sem tags, seja o primeiro a adicionar uma tag!
|
| Thư viện lưu trữ: | Trung tâm Học liệu Trường Đại học Cần Thơ |
|---|
| LEADER | 00432nam a2200157Ia 4500 | ||
|---|---|---|---|
| 001 | CTU_26754 | ||
| 008 | 210402s9999 xx 000 0 und d | ||
| 082 | |a 910.3 | ||
| 082 | |b C726 | ||
| 245 | 4 | |a The Columbia Lippincott gazetteer of the world | |
| 260 | |a Columbia | ||
| 260 | |b Columbia Univ | ||
| 260 | |c 1966 | ||
| 650 | |a gazetteers,geography | ||
| 904 | |i Minh, 981020 | ||
| 980 | |a Trung tâm Học liệu Trường Đại học Cần Thơ | ||